Statistics for Hawaiian Island by Cities

Click here to take the quiz!

General Stats

  • This quiz has been taken 109 times
  • The average score is 7 of 8

Answer Stats

CitiesIsland% Correct
Kahului, Kihei, LahainaMaui
96%
Waipahu, Honolulu, KaneoheOahu
96%
Hilo, Captain Cook, KalapanaHawaii
89%
Lihue, Kapaa, AnaholaKauai
86%
Lopa, Lanai City, KaumalapauLana'i
83%
Kualapuu, Kuanakakai, HalawaMolokai
78%
Kamalino, Kiekie, KiiNiihau
71%
NoneKahoolawe
66%

Score Distribution

Percentile by Number Answered

Percent of People with Each Score

Your Score History

You have not taken this quiz